00824nam a2200229Ia 4500003000400000005001700004008004100021020002200062040000700084041000800091082002000099100002900119245004900148260005300197300001500250365001200265650003800277906004900315942001200364999001900376952019900395OSt20241029131713.0210719s2020 xx 000 0 und d a978-93-5357-654-7 cAL aeng a796.345092 KRIS aKRISHNASWAMY (V)9183674 aShuttling to the top:the story of P V Sindhu aUttar PradeshbHarper & Collins Publishersc2020 axi,218bPB b399cRs aAthletic & Outdoor Sports9183675 aP ; Shuttling ; Sindhu ; story ; top:the ; V 2ddccBK c211807d211807 00102ddc40708Games & SportsaALbALd2021-02-11eGeneral Annual | Navakarnataka Publication Pvt Ltd Mangaloreg399.00l0o796.345092 KRISp074621r2021-07-19 00:00:00v319.20w2021-07-19yBK